Southville International School and Colleges
Your cart is empty.
  • Cart
  • Lists
    Public lists list_1 View all
    Your lists Log in to create your own lists
  • Log in to your account
  • Your cookies
  • Search history
Southville International School and Colleges
  • Advanced search
  • Recent comments
  • Most popular
  • Libraries

Log in to your account

Log in with GOOGLE


If you do not have an external account, but do have a local account, you can still log in:

  1. Home
  2. MARC view: Slim trim & tasty /
Normal view MARC view ISBD view

Slim trim & tasty / (Record no. 10415)

[ view plain ]
MARC details
000 -LEADER
fixed length control field 00461nam a22001817a 4500
003 - CONTROL NUMBER IDENTIFIER
control field OSt
005 - DATE AND TIME OF LATEST TRANSACTION
control field 20140310182209.0
008 - FIXED-LENGTH DATA ELEMENTS--GENERAL INFORMATION
fixed length control field 130905t xxu||||| |||| 00| 0 eng d
020 ## - INTERNATIONAL STANDARD BOOK NUMBER
International Standard Book Number 1863432922
050 ## - LIBRARY OF CONGRESS CALL NUMBER
Classification number TX 837
Item number .C357 1997
082 ## - DEWEY DECIMAL CLASSIFICATION NUMBER
Classification number HS 641.563
Item number C28 1997
100 ## - MAIN ENTRY--PERSONAL NAME
Personal name Cate, Andrew
9 (RLIN) 16654
245 ## - TITLE STATEMENT
Title Slim trim & tasty /
Statement of responsibility, etc Andrew Cate
300 ## - PHYSICAL DESCRIPTION
Extent 80 p. :
Other physical details col. ill. ;
Dimensions 28 cm.
650 ## - SUBJECT ADDED ENTRY--TOPICAL TERM
Topical term or geographic name as entry element Recipe
9 (RLIN) 16655
942 ## - ADDED ENTRY ELEMENTS (KOHA)
Source of classification or shelving scheme Library of Congress Classification
Koha item type
Holdings
Withdrawn status Lost status Source of classification or shelving scheme Damaged status Home library Current library Shelving location Date acquired Total Checkouts Full call number Barcode Date last seen Copy number Price effective from Koha item type
    Library of Congress Classification   Luxembourg Library Luxembourg Library   09/05/2013   TX 837 .C357 1997 15530 09/05/2013 1 09/05/2013 Books

Slim trim & tasty /

APA

Cate A., .Slim trim & tasty. : .

Chicago

Cate Andrew, .Slim trim & tasty. : .

Harvard

Cate A., .Slim trim & tasty. : .

MLA

Cate Andrew, .: . .

  • Place hold
  • Print
  • Cite
  • Add to your cart (remove)
  • Save record
    BIBTEX Dublin Core MARCXML MARC (non-Unicode/MARC-8) MARC (Unicode/UTF-8) MARC (Unicode/UTF-8, Standard) MODS (XML) RIS
  • More searches
    Search for this title in:
    Other Libraries (WorldCat) Other Databases (Google Scholar) Online Stores (Bookfinder.com) Open Library (openlibrary.org)

Exporting to Dublin Core...

SOUTHVILLE LIBRARY

Southville International School and Colleges Library

1281 Tropical Ave. Cor. Luxembourg St., BF Homes International, Las Pinas City

Tel. No. 8256374 / 252358 Loc. 117/146

Powered by Koha